Mario Kart 7 Characters - Statistics

General Stats
  • This quiz has been taken 117 times
  • The average score is 13 of 17
Answer Stats
Weight Class Answer % Correct
Medium Mario
98%
Medium Luigi
95%
Light Peach
94%
Heavy Bowser
92%
Light Daisy
91%
Heavy Wario
88%
Feather Toad
86%
Cruiser Donkey Kong
80%
Feather Koopa Troopa
78%
Feather Lakitu
72%
Light Yoshi
72%
Feather Shy Guy
69%
Cruiser Rosalina
67%
Heavy Honey Queen
64%
Heavy Metal Mario
63%
Cruiser Wiggler
63%
Medium Mii
44%
No matching quizzes found
Score Distribution
Percent of People with Each Score
Percentile by Number Answered
Your Score History
You have not taken this quiz